000 01080nam2a22002531 4500
001 RU\NLR\INFOCOMM55\5000184953
005 20250617145531.0
035 _a(NLR Aleph) 002728456
090 _a1939863
_c1939863
100 _a20050207d1910 |||y0rusy50 ca
101 0 _arus
102 _aRU
105 _ay ||||000|y
200 1 _aПоловая психопатия
_fМ. Герцеги
210 _d1910
_aБ. м.
461 0 _1001RU\NLR\INFOCOMM55\5000184939
_12001#$aЭскулап$eСудебная медицина и половой вопрос$eЕжемес. науч. мед. журн. для врачей и юристов$v1910, №2
_91939816
_cСПб.
_d1910
_nА.М. Аскарханова
_oСудебная медицина и половой вопрос : Ежемес. науч. мед. журн. для врачей и юристов
_tЭскулап
_v1910, №2
700 1 _aГерцеги
_bМ.
_4070
801 1 _aRU
_bInfoComm
_c20050207
801 0 _aRU
_bNLR
_gPSBO
852 _aNLR
_j2/1758
942 _cISSUE
980 _aNB
980 _aRUSPER